| 000 | 00379nam a22001697a 4500 | ||
|---|---|---|---|
| 003 | OSt | ||
| 008 | 240426b |||||||| |||| 00| 0 eng d | ||
| 020 | _a9789358704815 | ||
| 082 | _a330.954 DAI | ||
| 100 | _aDATT,Gaurav | ||
| 245 | _aIndian Economy | ||
| 250 | _a73th Ed | ||
| 260 |
_aNew Delhi _bS.Chand _c2024 |
||
| 300 | _a740 | ||
| 700 | _aNAG,Biswajit | ||
| 942 |
_2ddc _cBK |
||
| 999 |
_c12555 _d12555 |
||